| 000 | 00537nam a22001695i 4500 | ||
|---|---|---|---|
| 001 | 160783 | ||
| 003 | ES-MaACL | ||
| 005 | 20230906212127.0 | ||
| 008 | 040715s1841 fr a |||| | fre d | ||
| 040 |
_aCAM _bspa _cCAM |
||
| 245 | 0 | 0 |
_aNouveau guide du voyager en Italie _b: edition Artaria de Milan. |
| 260 |
_aParis : _bMaison, _c1841. |
||
| 300 |
_aXXXVII, 827 p., [4] h. pleg. de lám. ; _c15 cm. |
||
| 599 | _aLas h. de lám. pleg. son planos. | ||
| 651 | 4 |
_aItalia- _vGuías. _9137235 |
|
| 852 |
_aES-MaACL _jC-295 _z-- Enc. piel |
||
| 999 |
_c160783 _d160783 |
||